000 00598nam a22001937a 4500
005 20171024140532.0
010 _aENG-121024
020 _c795.00
_a9789382770091
035 _aEN-104556
037 _bDBAD/PUB
082 _a338.927
100 _aSingh, Surendra
245 _aThe economics of sustainable development /
_cby Surendra Singh
260 _aNew Delhi
_bNirdosh Tyagi
_c2014
270 _aF-29, Street No.6, Sadatpur Extension
_bNew Delhi
_e110094
300 _a272p.
_c21cm(Hb)
500 _aIncludes bibliographical reference
942 _2ddc
_cEN
_h338.927
_mSIN
999 _c146810
_d146810